KOHA-Header-6

introducation to Logic (Record no. 6477)

000 -LEADER
fixed length control field 00264nam a2200109Ia 4500
100 ## - MAIN ENTRY--AUTHOR NAME
Personal name Copi,Irving M.
245 #0 - TITLE STATEMENT
Title introducation to Logic
260 ## - PUBLICATION, DISTRIBUTION, ETC. (IMPRINT)
Place of publication New York
Name of publisher Addision-Wesley
Year of publication 1998
300 ## - PHYSICAL DESCRIPTION
Number of Pages 714
942 ## - ADDED ENTRY ELEMENTS (KOHA)
Koha item type Books
Holdings
Withdrawn status Lost status Permanent Location Current Location Date acquired Full call number Accession Number Koha item type
    MAJU MAJU 2019-09-07 621.3 3516 Books

Powered by Koha